00414nam a2200181Ia 4500008004100000020001800041050001400059100001800073245001400091245001800105245001800123260001500141260001700156260000900173300001500182300002500197300001000222180207s9999 xx 000 0 und d a9780545130103 bD621 2009 aDixon, Dougal aDragons : bface to face/ cDougal Dixon. aNew York : bScholastic,  c2009 a48 pages : bcolor illustration ; c29cm.